| 000 | 00499nab a2200145Ia 4500 | ||
|---|---|---|---|
| 003 | ES-SlBCS | ||
| 005 | 20210601133741.0 | ||
| 008 | 140529s2010 xxu||||| |||| 00| 0 por d | ||
| 041 | _apor | ||
| 100 | 1 |
_aMachado Ribeiro, Adriano _9209222 |
|
| 245 | 0 | 0 |
_aAs belas mortes de Sócrates e o encantamento da celebraçao dos mortos en Atenas _c Adriano Machado Ribeiro |
| 600 | 0 | 4 |
_aPlatón-Sócrates _9179207 |
| 773 | 0 |
_tEducaçao e Filosofia _gvol. 24, nº. 47, 2010, págs. 39-54 _wRev1534 |
|
| 942 | _cAR | ||
| 999 |
_c601530 _d601530 |
||